000 00393nam a22001097a 4500
999 _c13779
_d13779
082 _a891.43
100 _aسردار شیر محمّد خان گنڈاپور
245 _aتاریخ پشتون
_b(تاریخ خورشید جہاں کا اردو ترجمہ)
260 _aلاہور
_bشیخ شوکت علی پرنٹرز اینڈ پبلشرز
_c٢٠٠٣
300 _a٦٩٠ صفحات
942 _cBK